00416nam a2200169Ia 4500003000400000005001700004008004100021020001500062050002300077100001900100245003800119260003500157300003300192440000600225521000700231526000800238OSt20140318134217.0140130s9999 xx 000 0 und d a0439288274 aPZ 7b.H389Wg 2001 aHenkes, Kevin  aWemberly Worried /cKevin Henkes. bScholastic,c2001.aNew York : a28 p. :bcol. ill. ;c26 cm. v1 aBR c170